[Event "Warsaw AIG Life rapid"]
[Site "Warsaw"]
[Date "2005.12.18"]
[Round "13"]
[White "Glyzin, Yury"]
[Black "Papin, Vasily"]
[Result "0-1"]
[WhiteElo "2203"]
[BlackElo "2425"]
[PlyCount "92"]
[EventDate "2005.12.17"]
[EventType "swiss (rapid)"]
[EventRounds "13"]
[EventCountry "POL"]
[SourceTitle "CBM 110 Extra"]
[Source "ChessBase"]
[SourceDate "2006.03.10"]
[SourceVersion "2"]
[SourceVersionDate "2006.03.10"]
[SourceQuality "1"]

1. Nf3 g6 2. c4 Bg7 3. Nc3 d6 4. d4 Nd7 5. e4 e5 6. Be2 Ne7 7. 0-0 0-0 8. d5 h6 9. b4 f5 10. Nd2 f4 11. Bg4 Nf6 12. Bxc8 Rxc8 13. c5 g5 14. f3 h5 15. a4 g4 16. Ba3 h4 17. fxg4 c6 18. cxd6 Qxd6 19. Nc4 Qb8 20. d6 Ng6 21. g5 Nd7 22. Qh5 Nh8 23. Qxh4 b5 24. Qg4 Rcd8 25. Qe6+ Rf7 26. axb5 Nf8 27. Qh3 cxb5 28. Nd5 Nhg6 29. Na5 Rxd6 30. Rac1 Ne7 31. Nxe7+ Rxe7 32. Kh1 Qa8 33. Qf3 Ne6 34. h4 Nd4 35. Qg4 Qxe4 36. Rc8+ Kh7 37. Qh5+ Bh6 38. gxh6 Rg6 39. Rf3 Qe1+ 40. Kh2 Ne2 41. Rh8+ Kxh8 42. Qxg6 Qg1+ 43. Kh3 Qh1+ 44. Kg4 Qxg2+ 45. Kf5 Nd4+ 46. Kf6 Re6+ 0-1

[Event "Warsaw AIG Life rapid"]
[Site "Warsaw"]
[Date "2005.12.17"]
[Round "6"]
[White "Gajewski, Grzegorz"]
[Black "Glyzin, Yury"]
[Result "1-0"]
[WhiteElo "2461"]
[BlackElo "2203"]
[PlyCount "61"]
[EventDate "2005.12.17"]
[EventType "swiss (rapid)"]
[EventRounds "13"]
[EventCountry "POL"]
[SourceTitle "CBM 110 Extra"]
[Source "ChessBase"]
[SourceDate "2006.03.10"]
[SourceVersion "2"]
[SourceVersionDate "2006.03.10"]
[SourceQuality "1"]

1. Nf3 Nf6 2. d4 d5 3. g3 c6 4. Bg2 Bf5 5. 0-0 e6 6. c4 Be7 7. Nc3 0-0 8. Bf4 Nbd7 9. Nh4 Bg4 10. h3 Bh5 11. g4 Bg6 12. Nxg6 hxg6 13. e3 Nh7 14. Qb3 Qb6 15. Qc2 f5 16. c5 Qd8 17. b4 Ng5 18. Bxg5 Bxg5 19. f4 Be7 20. g5 Kf7 21. Bf3 Rh8 22. Kg2 Qc7 23. Qb3 Rh4 24. Rh1 Rah8 25. b5 e5 26. fxe5 Bxg5 27. Bxd5+ Ke7 28. Rae1 Kd8 29. Bf3 Be7 30. bxc6 bxc6 31. Qe6 1-0

[Event "BLR-ch U20"]
[Site "Minsk"]
[Date "2005.04.14"]
[Round "7"]
[White "Maiorov, Nikita"]
[Black "Glyzin, Yury"]
[Result "1-0"]
[WhiteElo "2449"]
[BlackElo "2211"]
[PlyCount "63"]
[EventDate "2005.04.08"]
[EventType "tourn"]
[EventRounds "9"]
[EventCountry "BLR"]
[EventCategory "2"]
[SourceTitle "CBM 105 Extra"]
[Source "ChessBase"]
[SourceDate "2005.05.01"]
[SourceVersion "1"]
[SourceVersionDate "2005.05.01"]
[SourceQuality "1"]

1. d4 d5 2. c4 c6 3. Nc3 Nf6 4. e3 g6 5. Nf3 Bg7 6. Be2 0-0 7. 0-0 dxc4 8. Bxc4 Bg4 9. h3 Bxf3 10. Qxf3 Nbd7 11. Rd1 e5 12. d5 e4 13. Nxe4 Nxe4 14. Qxe4 Nb6 15. Bb3 cxd5 16. Bxd5 Nxd5 17. Rxd5 Qb6 18. Qd3 Rad8 19. e4 Rxd5 20. exd5 Rd8 21. Bg5 Qxb2 22. Rd1 Bf6 23. Bxf6 Qxf6 24. d6 Qe6 25. d7 Qxa2 26. Re1 Qa4 27. Re7 Qa1+ 28. Kh2 Qf6 29. Re8+ Kg7 30. Rxd8 Qxd8 31. Qc3+ Kf8 32. Qc5+ 1-0